Memoria leída por el Lcdo. Alberto Pulgar González en su ejercicio del grado de doctor el día 26 de noviembre de 1909 (Record no. 114480)

MARC details
000 -LEADER
campo de control de longitud fija 00734nam a2200181 i 4500
001 - NÚMERO DE CONTROL
campo de control 114480
003 - IDENTIFICADOR DE NÚMERO DE CONTROL
campo de control ES-MaACL
005 - FECHA Y HORA DE LA ÚLTIMA TRANSACCIÓN
campo de control 20230906190151.0
007 - CAMPO FIJO DE DESCRIPCIÓN FÍSICA--INFORMACIÓN GENERAL
campo de control de longitud fija t|
008 - DATOS DE LONGITUD FIJA--INFORMACIÓN GENERAL
campo de control de longitud fija 070302s1909 sp ||||1| spa d
100 1# - ENTRADA PRINCIPAL--NOMBRE DE PERSONA
Nombre de persona Pulgar González, Alberto.
9 (RLIN) 94367
245 10 - MENCIÓN DEL TÍTULO
Título Memoria leída por el Lcdo. Alberto Pulgar González en su ejercicio del grado de doctor el día 26 de noviembre de 1909
Resto del título : [La fuerza irresistible, como causa eximente de la responsabilidad criminal].
260 ## - PUBLICACIÓN, DISTRIBUCIÓN, ETC.
Lugar de publicación, distribución, etc. Madrid :
Nombre del editor, distribuidor, etc. [s.n.],
Fecha de publicación, distribución, etc. 1904 (
Fabricante Espinosa y Lamas)
300 ## - DESCRIPCIÓN FÍSICA
Extensión 37 p. ;
Dimensiones 21 cm.
650 14 - PUNTO DE ACCESO ADICIONAL DE MATERIA--TÉRMINO DE MATERIA
Término de materia o nombre geográfico como elemento de entrada Responsabilidad penal.
9 (RLIN) 16869
740 3# - ENTRADA AGREGADA--TÍTULO RELACIONADO/ANALÍTICO NO CONTROLADO
Título relacionado o analítico no controlado La fuerza irresistible, como causa eximente de la responsabilidad criminal.
852 ## - LOCALIZACIÓN
Ubicación ES-MaACL
Número de control de estantería T-1208-F-1
Holdings
Estatus retirado Estado de pérdida Estado de daño No para préstamo Colección Biblioteca de origen Biblioteca actual Ubicación en estantería Fecha de adquisición Fuente de adquisición Total de préstamos Signatura topográfica completa Código de barras Visto por última vez Precio de reemplazo Tipo de ítem Koha
        Colección de folletos Biblioteca del Ateneo de Madrid Biblioteca del Ateneo de Madrid Depósito folletos 17/01/2008     T-1208-F-1 1119389 23/02/2023 23/02/2023 Folleto